LEADER 02233nam a2200409 u 4500 001 000000109171 003 CaOOAMICUS 005 20080122133414.0 008 080122s2007 nyu u000 u eng u 020 $a0-415-34393-3 (set) 020 $a0-415-34394-1 (vol. 1) 020 $z0-415-34397-8 (vol. 4)* 020 $z0-415-34395-4 (vol. 2)* 020 $z0-415-34396-1 (vol. 3)* 035 $a11082671 040 $aPUL$bita$dBc 041 0 $aeng 245 00$aIslamic philosophy and theology $bcritical concepts in Islamic thought /$cedited by Ian Richard Netton. 260 $aLondon ;$aNew York :$bRoutledge,$cc2007. 300 $a4 v. ;$c24 cm. 505 0 $av. 1. Legacies, translations and prototypes -- v. 2. Revelation and reason -- v. 3. Aristotelianism and Neoplatonism -- v. 4. Eclecticism, illumination and reform. 650 4$aIslam$xTeologia.$0(OLS)http://pul/subject/14207 650 4$aIslam e filosofia.$0(OLS)http://pul/subject/29754 700 1 $aNetton, Ian Richard.$0(OLS)http://pul/name/66856 850 $aPUL 852 $aPUL$W1$xSL Filosofia 3$y81$m181 NETIA 1.1$j124740$av. 1$qDDC 21$B123486$CPULBib$Z2$F123486 $H105783 $82 852 $aPUL$W1$xSL Filosofia 3$y81$m181 NETIA 1.2$j124741$av. 2$qDDC 21$B123487$CPULBib$Z2$F123487 $H105784 $82 852 $aPUL$W1$xSL Filosofia 3$y81$m181 NETIA 1.3$j124743$av. 3$qDDC 21$B123489$CPULBib$Z2$F123489 $H105785 $82 852 $aPUL$W1$xSL Filosofia 3$y81$m181 NETIA 1.4$j124744$av. 4$qDDC 21$B123490$CPULBib$Z2$F123490 $H105786 $82 941 1 $a9 996 $6020$a0-415-34393-3 (set) $9(OLS)http://pul/number/136780 996 $6020$a0-415-34394-1 (vol. 1)$9(OLS)http://pul/number/136781 996 $6020$z0-415-34397-8 (vol. 4)*$9(OLS)http://pul/number/136786 996 $6020$z0-415-34395-4 (vol. 2)*$9(OLS)http://pul/number/136784 996 $6020$z0-415-34396-1 (vol. 3)*$9(OLS)http://pul/number/136785 996 $6245$aIslamic philosophy and theology $bcritical concepts in Islamic thought $9(OLS)http://pul/title/137350 996 $6260$aLondon ;$aNew York :$bRoutledge$9(OLS)http://pul/publisher/52469 LEADER 01258nam a2200265 a 4500 001 000000165765 003 CaOOAMICUS 005 20180207150535.0 008 180207s2017 it frm z000 0 fre r 032 $aLibriCat 040 $aPUL$bita 100 1 $aGros, Bernard Marie Luc.$0(OLS)http://pul/name/106840 245 10$aPour un statut de la vie commune dans la législation canonique concernant les prêtres diocésains / $cBernard Marie Luc Gros. 260 $aRoma :$b[s.n.],$c2017. 300 $a302 p.;$c24 cm 502 $aTesi di Dottorato-- Pontificia Università Lateranense--Facoltà di Diritto Canonico--Roma, 2017. 504 $aBibliografia: p. [289]-302. 650 4$aVita comune (diritto canonico).$0(OLS)http://pul/subject/44137 710 2 $aPontificia Università Lateranense.$bFacoltà di diritto canonico.$kTesi.$0(OLS)http://pul/name/81682 850 $aPUL 852 $aPUL$W1$xDP1 Tesi Pon Univ. Lateranense$y41$m2017 C 50$j190150$qTesi$B193125$CPULBib$Z2$F193125 $81 941 1 $a16 996 $6245$aPour un statut de la vie commune dans la législation canonique concernant les prêtres diocésains / $9(OLS)http://pul/title/205452 996 $6260$aRoma :$b[s.n.]$9(OLS)http://pul/publisher/47958